[Event "Tourn. n8992"]
[Site "www.chess-mail.com"]
[Date "2017.01.16"]
[Round "1"]
[White "Ejner"]
[Black "Seger"]
[WhiteElo "2450"]
[BlackElo "2780"]
[Result "1/2-1/2"]
[Round "1"]
1.d4 Ng8f6
2.c4 e6
3.Nb1c3 b6
4.Ng1f3 Bf8b4
5.Bc1g5 h6
6.Bg5h4 Bc8b7
7.Nf3d2 Bb4e7
8.e4 O-O
9.Bh4g3 d5
10.cxd5 exd5
11.e5 Nf6d7
12.Bf1d3 c5
13.O-O cxd4
14.Nc3b5 Nb8c6
15.Nd2f3 Nd7c5
16.Nf3xd4 Nc6xd4
17.Nb5xd4 Nc5xd3
18.Qd1xd3 Be7c5
19.Rf1e1 Bc5xd4
20.Qd3xd4 Qd8e7
21.Ra1c1 Ra8c8
22.Bg3f4 Rc8c5
23.b4 Rc5c8
24.h3 Qe7e6
25.Bf4d2 Rc8c4
26.Rc1xc4 dxc4
27.Qd4d6 Bb7c6
28.Qd6xe6 fxe6
29.Re1c1 b5
30.f3 Rf8d8
31.Rc1c2 Rd8d7
32.Kf2 Kh7
33.Bd2e3 h5
34.Rc2d2 Bc6d5
35.h4 Kg6
36.Be3d4 Kf5
37.Bd4c3 Bd5c6
38.Rd2xd7 Bc6xd7
39.Ke3 Bd7e8
40.g3 Be8c6
41.f4 Kg4
42.Kf2 Bc6e4
43.a3 Be4c2
44.Bc3d4 Bc2e4
45.Bd4c3 { draw }
1/2-1/2

[Event "Tourn. n9158"]
[Site "www.chess-mail.com"]
[Date "2017.01.16"]
[Round "1"]
[White "Autmich"]
[Black "Hansen"]
[WhiteElo "1680"]
[BlackElo "1590"]
[Result "0-1"]
[Round "1"]
1.e4 e6
2.d4 d5
3.Nb1c3 dxe4
4.Nc3xe4 f5
5.Ne4c3 a6
6.Ng1f3 h6
7.Bf1c4 Nb8c6
8.O-O b5
9.Bc4b3 g5
10.Rf1e1 g4
11.Nf3e5 Nc6xd4
12.Ne5g6 Rh8h7
13.Ng6xf8 Kxf8
14.Bc1e3 Rh7d7
15.Be3xd4 Rd7xd4
16.Qd1e2 Rd4d6
17.Ra1d1 b4
18.Rd1xd6 Qd8xd6
19.Nc3a4 Ng8e7
20.Bb3xe6 Bc8xe6
21.Qe2xe6 Ra8e8
22.Qe6xd6 cxd6
23.Re1e6 Kf7
24.Re6xh6 Ne7g8
25.Rh6h7 Kg6
{ resign }
0-1

[Event "Tourn. n9074"]
[Site "www.chess-mail.com"]
[Date "2017.01.16"]
[Round "1"]
[White "Odin"]
[Black "Andychesston"]
[WhiteElo "1880"]
[BlackElo "1990"]
[Result "1/2-1/2"]
[Round "1"]
1.d4 d5
2.c4 Ng8f6
3.Bc1g5 e6
4.Nb1c3 Bf8e7
5.Ng1f3 O-O
6.Qd1d2 Kh8
7.Nf3e5 Nf6g8
8.Bg5f4 Nb8d7
9.e4 Nd7xe5
10.Bf4xe5 f6
11.Be5f4 c6
12.cxd5 cxd5
13.Nc3b5 e5
14.dxe5 fxe5
15.Bf4g3 Ng8f6
16.Bg3xe5 Nf6xe4
17.Qd2h6 Be7f6
18.Be5xf6 Rf8xf6
19.Qh6h4 Qd8a5
20.Nb5c3 Ne4xc3
21.b4 Qa5a4
22.Bf1e2 Qa4c2
23.O-O Nc3xe2
24.Kh1 Bc8f5
25.g4 Rf6h6
26.Qh4xh6 gxh6
27.gxf5 Qc2xf5
{ draw }
1/2-1/2

[Event "Match"]
[Site "www.echecsemail.com"]
[Date "2017.01.16"]
[Round "1"]
[White "Guidom"]
[Black "Pdebonis"]
[WhiteElo "2050"]
[BlackElo "1499"]
[Result "0-1"]
[Round "1"]
1.e4 c5
2.Ng1f3 e6
3.c3 d5
4.exd5 exd5
5.d4 Nb8c6
6.Bf1b5 Bf8d6
7.Qd1e2 Ng8e7
8.O-O cxd4
9.Nf3xd4 O-O
10.Bc1e3 Rf8e8
11.Qe2f3 Nc6e5
12.Qf3d1 Ne7c6
13.Nb1d2 Ne5g4
14.Nd4xc6 Bd6xh2
15.Kh1 bxc6
16.Bb5xc6 Re8xe3
17.fxe3 Qd8h4
18.Nd2f3 Qh4h6
19.Qd1xd5 Bh2f4
20.Kg1 Bf4xe3
21.Rf1f2 Be3xf2
22.Kf1 Bc8a6
23.c4 Ra8b8
24.Ke2 Ba6xc4
25.Qd5xc4 Rb8xb2
26.Kd3 Qh6e3
{ resign }
0-1

[Event "Match"]
[Site "www.echecsemail.com"]
[Date "2017.01.16"]
[Round "1"]
[White "Aiko1603"]
[Black "Winston"]
[WhiteElo "1499"]
[BlackElo "1480"]
[Result "1-0"]
[Round "1"]
1.c4 c5
2.Nb1c3 Nb8c6
3.g3 g6
4.Bf1g2 Bf8g7
5.d3 Ng8f6
6.Ng1f3 e6
7.O-O d5
8.cxd5 exd5
9.d4 b6
10.Bc1g5 O-O
11.e3 Bc8g4
12.h3 Bg4xf3
13.Bg2xf3 Qd8d7
14.Bg5xf6 Bg7xf6
15.Nc3xd5 Qd7d6
16.Nd5xf6 Qd6xf6
17.d5 Nc6e5
18.Bf3g2 Rf8d8
19.b3 Rd8d6
20.f4 Ne5d7
21.Qd1e2 Qf6e7
22.e4 Nd7f8
23.e5 Rd6d8
24.d6 { resign }
1-0

[Event "Match"]
[Site "www.echecsemail.com"]
[Date "2017.01.16"]
[Round "1"]
[White "Pdebonis"]
[Black "Llord"]
[WhiteElo "1499"]
[BlackElo "1940"]
[Result "1-0"]
[Round "1"]
1.e4 e5
2.Ng1f3 Nb8c6
3.d4 exd4
4.Nf3xd4 Nc6xd4
5.Qd1xd4 f6
6.Nb1c3 Bf8d6
7.Bf1c4 Ng8e7
8.Bc4b3 b6
9.Qd4c4 Ne7d5
10.Qc4xd5 Rh8f8
11.Qd5xa8 a6
12.O-O c6
13.Rf1d1 Bd6c7
14.Bc1e3 Ke7
15.Qa8a7 Rf8e8
16.Nc3a4 Kf8
17.Be3xb6 Bc7xb6
18.Na4xb6 Re8xe4
19.Nb6xd7 Bc8xd7
20.Rd1xd7 Qd8e8
21.Rd7f7 { resign }
1-0

[Event "Match"]
[Site "www.echecsemail.com"]
[Date "2017.01.16"]
[Round "1"]
[White "Pariolinius"]
[Black "Winston"]
[WhiteElo "1900"]
[BlackElo "1480"]
[Result "1-0"]
[Round "1"]
1.e4 e6
2.Ng1f3 d5
3.e5 c5
4.c3 Nb8c6
5.Bf1b5 Qd8b6
6.Bb5a4 Bc8d7
7.O-O c4
8.Ba4c2 Bf8c5
9.d4 cxd3
10.Bc2xd3 h6
11.Nb1d2 Ng8e7
12.b4 Nc6xb4
13.cxb4 Bc5xb4
14.Ra1b1 a5
15.a3 { resign }
1-0

[Event "Match"]
[Site "www.echecsemail.com"]
[Date "2017.01.16"]
[Round "1"]
[White "Ssharp"]
[Black "Bojan"]
[WhiteElo "2140"]
[BlackElo "2020"]
[Result "1-0"]
[Round "1"]
1.e4 g6
2.d4 Bf8g7
3.c4 c6
4.f4 d5
5.cxd5 cxd5
6.e5 f6
7.Ng1f3 a6
8.Bf1e2 Nb8c6
9.O-O Ng8h6
10.Nb1d2 Nh6f5
11.Nd2b3 Qd8b6
12.Kh1 Nc6d8
13.Be2d3 Nf5h6
14.Bc1d2 O-O
15.h3 Nh6f5
16.Kh2 Nd8c6
17.Bd2c3 Nf5e3
18.Qd1d2 Ne3xf1
19.Ra1xf1 Qb6c7
20.Rf1c1 b6
21.Qd2f2 fxe5
22.dxe5 Rf8xf4
23.Qf2g3 Rf4f8
24.Bd3xg6 Rf8xf3
25.Bg6xh7 Kxh7
26.gxf3 Bg7xe5
27.Bc3xe5 Qc7xe5
28.Rc1xc6 Qe5xg3
29.Kxg3 Kg8
30.Rc6xb6 Bc8f5
31.Nb3d4 Bf5d3
32.Nd4e6 Ra8a7
33.a3 Bd3e2
34.Ne6f4 Be2f1
35.Nf4xd5 Ra7d7
36.Nd5f4 e5
37.Nf4h5 Rd7f7
38.Nh5f6 Kf8
39.Nf6g4 Rf7e7
40.h4 e4
41.Kf2 Bf1b5
42.f4 Re7g7
43.Rb6b8 Ke7
44.Rb8b7 Bb5d7
45.Ng4e5 Kd8
46.Rb7xd7 { resign }
1-0

[Event "Match"]
[Site "www.echecsemail.com"]
[Date "2017.01.16"]
[Round "1"]
[White "Godrad"]
[Black "Yoj"]
[WhiteElo "2150"]
[BlackElo "1809"]
[Result "0-1"]
[Round "1"]
1.e4 e6
2.d4 c5
3.Ng1f3 Bf8e7
4.Nb1c3 cxd4
5.Nf3xd4 Be7c5
6.Bc1e3 f6
7.Nd4xe6 dxe6
8.Qd1h5 g6
9.Qh5xc5 Bc8d7
10.O-O-O Nb8c6
11.Bf1b5 { time. }
0-1

[Event "Fast Game"]
[Site "www.echecsemail.com"]
[Date "2017.01.16"]
[Round "1"]
[White "Truthbringer"]
[Black "Yoj"]
[WhiteElo "1599"]
[BlackElo "1969"]
[Result "0-1"]
[Round "1"]
1.e3 e5
2.d4 d5
3.Bc1d2 exd4
4.Ng1f3 dxe3
5.Bd2xe3 Qd8f6
6.Nf3d4 a6
7.Nb1c3 Bf8b4
8.Qd1d2 c5
9.Bf1b5 { time. }
0-1

[Event "Tourn. n9155"]
[Site "www.chess-mail.com"]
[Date "2017.01.17"]
[Round "1"]
[White "Norlavuaram"]
[Black "Libiesse"]
[WhiteElo "2130"]
[BlackElo "2000"]
[Result "1/2-1/2"]
[Round "1"]
1.e4 c5
2.Ng1f3 e6
3.d4 cxd4
4.Nf3xd4 Ng8f6
5.Bf1d3 d6
6.c4 Nb8c6
7.Nd4f3 Nc6b4
8.Qd1a4 Nb4c6
9.Nb1c3 Bf8e7
10.O-O O-O
11.h3 Bc8d7
12.Qa4c2 a6
13.a3 b6
14.Bc1e3 Qd8c7
15.Ra1c1 Rf8d8
16.b4 Nc6e5
17.Nf3xe5 { draw }
1/2-1/2

[Event "Tourn. n9118"]
[Site "www.chess-mail.com"]
[Date "2017.01.17"]
[Round "1"]
[White "Jobeye"]
[Black "Kampungboy"]
[WhiteElo "2410"]
[BlackElo "2630"]
[Result "0-1"]
[Round "1"]
1.f4 d5
2.Ng1f3 c5
3.c4 d4
4.Qd1b3 Nb8c6
5.e3 Ng8f6
6.h3 Nf6e4
7.Rh1g1 g6
8.Bf1d3 Ne4f6
9.Nf3g5 Nc6b4
10.Bd3e2 Bc8f5
11.d3 dxe3
12.Bc1xe3 Bf5xd3
13.Nb1a3 Bd3xe2
14.Kxe2 Qd8c8
15.Qb3a4 Nb4c6
16.Ra1d1 Bf8g7
17.Be3xc5 O-O
18.b4 h6
19.Ng5f3 Nf6e4
20.Na3b1 Qc8e6
21.Bc5e3 Qe6xc4
22.Rd1d3 Nc6xb4
23.Qa4d1 Rf8d8
 { time }
0-1

[Event "Tourn. n9080"]
[Site "www.chess-mail.com"]
[Date "2017.01.17"]
[Round "1"]
[White "Mitja"]
[Black "Ozana"]
[WhiteElo "1980"]
[BlackElo "2010"]
[Result "0-1"]
[Round "1"]
1.d4 Ng8f6
2.e3 d5
3.h3 g6
4.Nb1d2 Bf8g7
5.Nd2b3 O-O
6.Ng1e2 Nb8d7
7.Ne2g3 b6
8.Bf1e2 Bc8b7
9.O-O c5
10.dxc5 bxc5
11.c4 e6
12.cxd5 exd5
13.Be2f3 Nd7e5
14.Nb3xc5 Ne5xf3
15.Qd1xf3 Bb7c6
16.Nc5b3 Nf6e4
17.Rf1d1 Rf8e8
18.Nb3d4 Bc6d7
19.Ng3xe4 dxe4
20.Qf3e2 Qd8g5
21.Kh1 Ra8d8
22.b3 Qg5h6
23.Qe2f1 g5
24.Kg1 g4
25.hxg4 Bd7xg4
26.Rd1d2 Rd8d5
27.f3 exf3
28.gxf3 Rd5h5
29.Qf1g2 Qh6xe3
30.Rd2f2 Qe3e1
31.Rf2f1 Bg7xd4
{ resign }
0-1

[Event "Tourn. n9128"]
[Site "www.chess-mail.com"]
[Date "2017.01.17"]
[Round "1"]
[White "Pachi"]
[Black "Winston"]
[WhiteElo "1490"]
[BlackElo "1480"]
[Result "0-1"]
[Round "1"]
1.e4 e6
2.b3 d5
3.Nb1c3 d4
4.Nc3e2 e5
5.Bc1b2 Nb8c6
6.g3 Bf8b4
7.Bf1g2 Ng8f6
8.c4 dxc3
9.Bb2xc3 Bb4xc3
10.Ne2xc3 Bc8g4
11.f3 Bg4e6
12.f4 exf4
13.e5 Nf6d5
14.gxf4 Qd8h4
15.Ke2 Nd5xf4
16.Kf3 Be6g4
17.Kxf4 Bg4xd1
18.Ke3 Qh4d4
{ resign }
0-1

[Event "Tourn. n9113"]
[Site "www.chess-mail.com"]
[Date "2017.01.17"]
[Round "1"]
[White "Genius3"]
[Black "Redapond1"]
[WhiteElo "1860"]
[BlackElo "2079"]
[Result "1-0"]
[Round "1"]
1.e4 e5
2.Ng1f3 Nb8c6
3.Bf1b5 Bf8b4
4.O-O a6
5.Bb5a4 d6
6.d3 Ng8f6
7.a3 Bb4c5
8.Nb1c3 O-O
9.Bc1g5 Bc8d7
10.Nc3d5 b5
11.Ba4b3 Bd7e6
12.Nd5xf6 gxf6
13.Bg5h6 Rf8e8
14.Bb3xe6 fxe6
15.Nf3d2 Nc6d4
16.Qd1g4 { resign }
1-0

[Event "Tourn. n8939"]
[Site "www.chess-mail.com"]
[Date "2017.01.17"]
[Round "1"]
[White "Hundegana"]
[Black "Ssharp"]
[WhiteElo "2020"]
[BlackElo "2140"]
[Result "1/2-1/2"]
[Round "1"]
1.e4 e6
2.d4 d5
3.e5 c5
4.c3 Nb8c6
5.Ng1f3 Qd8b6
6.Qd1b3 Qb6xb3
7.axb3 cxd4
8.cxd4 Bf8b4
9.Bc1d2 Bb4xd2
10.Nb1xd2 Ng8e7
11.Bf1b5 Bc8d7
12.O-O O-O
13.g4 a6
14.Bb5e2 Ra8c8
15.Rf1c1 Ne7g6
16.h3 Ng6f4
17.Be2f1 Nc6b4
18.Nf3e1 Rc8xc1
19.Ra1xc1 Rf8c8
20.Rc1xc8 Bd7xc8
21.Kh2 Bc8d7
22.Kg3 Nf4g6
23.f4 Ng6e7
24.Ne1d3 Nb4xd3
25.Bf1xd3 g6
26.Kf3 Ne7c6
27.h4 Nc6xd4
28.Ke3 Nd4c6
29.g5 Nc6b4
30.Kd4 Nb4xd3
31.Kxd3 Kf8
32.Kd4 Ke7
33.Kc5 Bd7c6
34.b4 Kd7
35.Nd2b3 Kc7
36.Nb3d2 Bc6d7
37.Nd2f1 b6
38.Kd4 Kc6
39.Nf1e3 Kb5
40.Kc3 Ka4
41.Ne3c2 a5
42.b3 Kb5
43.bxa5 bxa5
44.Nc2d4 Kc5
45.Nd4c2 Bd7c8
46.b4 axb4
47.Nc2xb4 d4
48.Kb3 Bc8b7
49.Nb4d3 Kd5
50.Kb4 Ke4
51.Nd3c5 Ke3
52.Nc5xb7 d3
53.Nb7d6 Kxf4
54.Kc3 Kxe5
55.Nd6xf7 Ke4
56.Kd2 e5
57.Nf7d6 Kd4
58.Nd6b5 Ke4
59.Nb5d6 Kd4
60.Nd6b5 Ke4
61.Nb5c3 Kd4
{ draw }
1/2-1/2

[Event "Tourn. n9143"]
[Site "www.chess-mail.com"]
[Date "2017.01.17"]
[Round "1"]
[White "Norlavuaram"]
[Black "Hundegana"]
[WhiteElo "2160"]
[BlackElo "2010"]
[Result "0-1"]
[Round "1"]
1.e4 c5
2.Ng1f3 d6
3.d4 Qd8c7
4.Nb1c3 e6
5.Bf1b5 Bc8d7
6.O-O a6
7.Bb5xd7 Nb8xd7
8.Rf1e1 Ng8e7
9.Bc1f4 Ne7g6
10.Bf4g3 Bf8e7
11.e5 d5
12.a3 cxd4
13.Nf3xd4 O-O
14.h3 Ra8c8
15.f4 Be7c5
16.Kh1 Bc5xd4
17.Qd1xd4 Qc7c5
18.Ra1d1 Qc5xd4
19.Rd1xd4 Rc8c7
20.Bg3f2 Rf8c8
21.g4 Rc7c4
22.Rd4xc4 Rc8xc4
23.f5 exf5
24.gxf5 Ng6xe5
25.Bf2g3 f6
26.Re1d1 Nd7b6
27.Rd1e1 d4
28.Nc3e4 Rc4xc2
29.Bg3xe5 fxe5
30.Ne4d6 d3
31.Re1xe5 h6
32.Re5e8 Kh7
33.Nd6f7 g6
34.f6 g5
35.Nf7e5 d2
{ resign }
0-1

[Event "Tourn. n9134"]
[Site "www.chess-mail.com"]
[Date "2017.01.17"]
[Round "1"]
[White "Lachouette"]
[Black "Winston"]
[WhiteElo "1500"]
[BlackElo "1480"]
[Result "0-1"]
[Round "1"]
1.e4 e6
2.d4 d5
3.exd5 exd5
4.Ng1f3 Nb8c6
5.Bf1b5 Bc8d7
6.Nf3e5 Ng8e7
7.Nb1c3 Nc6xe5
8.Bb5xd7 Qd8xd7
9.dxe5 O-O-O
10.f4 Ne7f5
11.Bc1d2 Bf8b4
 { time }
0-1

[Event "Tourn. n9140"]
[Site "www.chess-mail.com"]
[Date "2017.01.17"]
[Round "1"]
[White "Luban"]
[Black "Norlavuaram"]
[WhiteElo "2060"]
[BlackElo "2150"]
[Result "1-0"]
[Round "1"]
1.d4 Ng8f6
2.c4 g6
3.e3 Bf8g7
4.Ng1f3 O-O
5.Nb1c3 d5
6.h3 c6
7.Bf1d3 Bc8d7
8.O-O Bd7c8
9.Rf1e1 e6
10.e4 dxe4
11.Bd3xe4 Nf6xe4
12.Nc3xe4 Nb8d7
13.Bc1f4 Nd7b6
14.Bf4d6 Rf8e8
15.c5 Nb6d5
16.a3 f5
17.Ne4c3 Bc8d7
18.Nc3xd5 exd5
19.Nf3e5 Bg7xe5
20.Re1xe5 Qd8f6
21.f4 Re8xe5
22.dxe5 Qf6f7
23.Qd1d4 Bd7e6
24.b4 a5
25.Kf2 h6
26.a4 axb4
27.Qd4xb4 g5
28.a5 Kh7
29.Ra1b1 Be6c8
30.fxg5 hxg5
31.h4 g4
32.g3 Ra8a6
33.Ke2 Qf7e8
34.Rb1a1 Qe8g6
35.Qb4f4 Qg6h6
36.Qf4xh6 Kxh6
37.Ke3 Kh5
38.Bd6c7 Ra6a8
39.Kf4 Bc8e6
40.Ra1b1 Be6c8
41.Rb1b4 Kg6
42.Rb4b1 Kh5
43.Rb1e1 Bc8e6
44.Re1b1 Be6c8
45.e6 Bc8xe6
46.Rb1xb7 Be6c8
47.Rb7b8 Ra8xb8
48.Bc7xb8 Kg6
49.Bb8e5 Kh5
50.Be5d4 Kg6
51.Ke5 Bc8a6
52.Kd6 Ba6b5
53.Kc7 Kh5
54.Kb6 f4
55.gxf4 Kxh4
56.a6 { resign }
1-0

[Event "Tourn. n9146"]
[Site "www.chess-mail.com"]
[Date "2017.01.17"]
[Round "1"]
[White "Jobeye"]
[Black "Julian"]
[WhiteElo "1970"]
[BlackElo "2000"]
[Result "0-1"]
[Round "1"]
1.e4 g6
2.f4 Bf8g7
3.c3 c5
4.g4 Nb8c6
5.Ng1f3 e5
6.f5 d5
7.exd5 Qd8xd5
8.c4 Qd5e4
9.Bf1e2 Nc6d4
10.Kf2 Nd4xe2
 { time }
0-1

[Event "Tourn. n9095"]
[Site "www.chess-mail.com"]
[Date "2017.01.17"]
[Round "1"]
[White "Bojan"]
[Black "Piriot"]
[WhiteElo "2090"]
[BlackElo "1879"]
[Result "0-1"]
[Round "1"]
1.e4 e5
2.Ng1f3 Ng8f6
3.Nf3xe5 d6
4.Ne5f3 Nf6xe4
5.Qd1e2 Qd8e7
6.d3 Ne4f6
7.Bc1g5 Qe7xe2
8.Bf1xe2 Bf8e7
9.Nb1c3 c6
10.O-O Nb8a6
11.a3 Na6c7
12.Nf3d2 d5
13.Rf1e1 Nc7e6
14.Bg5h4 O-O
15.Nd2f3 Rf8e8
16.h3 Bc8d7
17.Nf3e5 Ra8d8
18.Ne5xd7 Rd8xd7
19.Nc3a2 Be7d6
20.Bh4xf6 gxf6
21.Be2g4 Rd7e7
22.c3 Ne6c5
23.Re1xe7 Re8xe7
24.Ra1d1 Nc5xd3
25.Rd1xd3 Re7e1
{ resign }
0-1

[Event "Tourn. n9181"]
[Site "www.chess-mail.com"]
[Date "2017.01.17"]
[Round "1"]
[White "Autmich"]
[Black "Caspito"]
[WhiteElo "1720"]
[BlackElo "1860"]
[Result "1-0"]
[Round "1"]
1.e4 e5
2.Ng1f3 Nb8c6
3.Bf1c4 h6
4.d4 Qd8f6
5.Bc1e3 d6
6.h3 Bc8e6
7.d5 Nc6e7
8.dxe6 fxe6
9.O-O c6
10.a4 Ne7g6
11.c3 b6
12.Qd1b3 Ng6f4
13.Be3xf4 Qf6xf4
14.Bc4xe6 Qf4xe4
15.Be6f7 Ke7
16.Bf7xg8 { resign }
1-0

[Event "Tourn. n9113"]
[Site "www.chess-mail.com"]
[Date "2017.01.17"]
[Round "1"]
[White "Fred"]
[Black "Xkafi"]
[WhiteElo "2000"]
[BlackElo "1940"]
[Result "1-0"]
[Round "1"]
1.e4 e5
2.f4 exf4
3.Ng1f3 Nb8c6
4.d4 d5
5.e5 f6
6.Bc1xf4 Bc8g4
7.Bf1b5 Ng8e7
8.O-O Ne7f5
9.Bb5xc6 bxc6
10.exf6 Qd8xf6
11.Qd1e1 Bf8e7
12.c3 O-O
13.Nb1d2 Ra8e8
14.Bf4g5 Qf6d6
15.Bg5xe7 Re8xe7
16.Nf3e5 c5
17.Qe1f2 Re7xe5
18.dxe5 Qd6xe5
19.Ra1e1 Qe5d6
20.Nd2f3 Nf5h4
21.Qf2xh4 Rf8f4
22.Nf3g5 Rf4xf1
23.Re1xf1 h6
24.Qh4xg4 hxg5
25.Qg4xg5 c4
26.Qg5f5 Qd6b6
27.Rf1f2 c6
28.h3 a5
29.Kh2 Qb6b8
30.Kh1 Qb8d6
31.Rf2e2 { resign }
1-0

[Event "Tourn. n9133"]
[Site "www.chess-mail.com"]
[Date "2017.01.17"]
[Round "1"]
[White "Jobeye"]
[Black "Luban"]
[WhiteElo "2010"]
[BlackElo "2060"]
[Result "0-1"]
[Round "1"]
1.Nb1c3 d5
2.d4 e6
3.g3 c5
4.Bc1f4 Nb8c6
5.dxc5 Bf8xc5
6.Nc3b5 e5
7.Bf4d2 a6
8.Nb5c3 Bc8e6
9.Bf1g2 h6
10.e3 Ng8f6
11.Ng1e2 b5
12.a3 O-O
13.b4 Bc5d6
14.O-O Ra8c8
15.Qd1c1 d4
 { time }
0-1

[Event "Tourn. n9189"]
[Site "www.chess-mail.com"]
[Date "2017.01.17"]
[Round "1"]
[White "Albertf"]
[Black "Vaido12"]
[WhiteElo "1810"]
[BlackElo "1599"]
[Result "0-1"]
[Round "1"]
1.e4 c5
2.Ng1f3 e6
3.d4 cxd4
4.Nf3xd4 Nb8c6
5.Nb1c3 Ng8f6
6.Bf1c4 Qd8c7
7.O-O a6
8.Bc1e3 Nc6xd4
9.Be3xd4 Qc7xc4
{ resign }
0-1

[Event "Tourn. n9068"]
[Site "www.chess-mail.com"]
[Date "2017.01.17"]
[Round "1"]
[White "Julian"]
[Black "Attatroll"]
[WhiteElo "1890"]
[BlackElo "1930"]
[Result "0-1"]
[Round "1"]
1.e4 d6
2.d4 Ng8f6
3.Nb1c3 g6
4.f4 Bf8g7
5.Ng1f3 O-O
6.Bf1e2 c6
7.O-O Bc8g4
8.Bc1e3 Nb8d7
9.h3 Bg4xf3
10.Be2xf3 e5
11.dxe5 dxe5
12.fxe5 Nd7xe5
13.Bf3e2 Qd8c7
14.Be3g5 Nf6d7
15.Bg5e7 Rf8e8
16.Be7d6 Qc7b6
17.Kh1 Qb6xb2
18.Qd1d2 Ra8d8
19.Ra1b1 Ne5c4
20.Be2xc4 Qb2xc3
21.Qd2xc3 Bg7xc3
22.Rb1xb7 Re8xe4
23.Bc4xf7 Kg7
24.Rb7xa7 Bc3f6
25.Bf7b3 Re4d4
26.Bd6e7 Bf6xe7
27.Rf1f7 Kh6
28.Rf7xe7 Nd7f6
29.g4 g5
30.Re7e6 Kg6
31.Re6e5 Rd4d1
32.Kg2 Rd8d2
33.Kf3 Rd1f1
34.Ke3 Rf1e1
35.Kxd2 Re1xe5
36.Bb3f7 Kh6
37.a4 Nf6e4
38.Kc1 Ne4f2
39.Ra7c7 Nf2xh3
40.Rc7xc6 Kg7
41.Bf7e6 Nh3f4
42.Be6f5 h5
43.Rc6c7 Kf6
44.Rc7h7 h4
45.Rh7h6 Kf7
46.c4 Re5c5
47.Rh6h7 Kf6
48.Rh7h6 Ke5
49.Kd2 Rc5xc4
50.a5 Rc4a4
51.a6 Ra4a5
52.Bf5c8 Nf4d5
53.Rh6g6 Kf4
54.Rg6d6 h3
55.Rd6h6 Kg3
56.Rh6h5 h2
57.Bc8b7 Kxg4
58.Rh5xh2 Ra5a2
{ resign }
0-1

[Event "Tourn. n9100"]
[Site "www.chess-mail.com"]
[Date "2017.01.17"]
[Round "1"]
[White "Lachouette"]
[Black "Pariolinius"]
[WhiteElo "1670"]
[BlackElo "1870"]
[Result "0-1"]
[Round "1"]
1.e4 c5
2.Bf1c4 e6
3.d3 d6
4.Ng1f3 Nb8c6
5.O-O Ng8f6
6.Bc1g5 Bf8e7
7.Nb1c3 a6
8.Nf3e1 h6
9.Bg5xf6 Be7xf6
10.h3 O-O
11.f4 Nc6a5
12.a3 Na5xc4
13.dxc4 Bc8d7
14.Qd1xd6 Bf6d4
15.Kh1 Ra8c8
16.Ne1f3 Rc8c6
17.Qd6xc6 Bd7xc6
18.e5 Bd4xc3
19.bxc3 Bc6e4
20.Rf1f2 Qd8a5
 { time }
0-1

[Event "Tourn. n9016"]
[Site "www.chess-mail.com"]
[Date "2017.01.17"]
[Round "1"]
[White "Gilliere"]
[Black "Maciekkam"]
[WhiteElo "2040"]
[BlackElo "2079"]
[Result "1-0"]
[Round "1"]
1.e4 c5
2.Ng1f3 d6
3.d4 cxd4
4.Nf3xd4 Ng8f6
5.Nb1c3 a6
6.Bf1c4 e6
7.Nd4f3 b5
8.Bc4d3 e5
9.Bc1g5 Bf8e7
10.h3 Bc8e6
11.Bg5xf6 Be7xf6
12.O-O Nb8d7
13.Nf3h2 Qd8b6
14.Nh2g4 Rh8g8
15.Ng4xf6 Nd7xf6
16.Qd1f3 b4
17.Nc3a4 Qb6a5
18.b3 d5
19.Na4b2 Ra8c8
20.Qf3e2 Nf6xe4
21.Bd3xe4 dxe4
22.Qe2xe4 f5
23.Qe4d3 Qa5d5
24.Qd3xd5 Be6xd5
25.Ra1c1 e4
26.Rf1d1 Rc8d8
27.Rd1d4 Bd5c6
28.Rd4xb4 Rd8d2
29.Rb4b8 Kf7
30.Rb8xg8 Kxg8
31.Nb2c4 Rd2e2
32.a4 f4
33.Kf1 f3
34.gxf3 exf3
35.Nc4e3 Bc6d7
36.h4 h6
37.Kg1 g5
38.hxg5 hxg5
39.Rc1f1 Bd7h3
40.Rf1d1 g4
41.Rd1d8 Kf7
42.Rd8d7 Kg6
43.Rd7d6 Kf7
44.Rd6xa6 g3
45.Ra6a7 Ke8
46.Ra7a8 Kd7
47.Ra8a7  { time }
1-0

[Event "Tourn. n9116"]
[Site "www.chess-mail.com"]
[Date "2017.01.17"]
[Round "1"]
[White "Greghghs"]
[Black "Kampungboy"]
[WhiteElo "2290"]
[BlackElo "2630"]
[Result "1/2-1/2"]
[Round "1"]
1.e4 e5
2.Ng1f3 d6
3.d4 f5
4.Nb1c3 fxe4
5.Nc3xe4 d5
6.Nf3xe5 dxe4
7.Qd1h5 g6
8.Ne5xg6 hxg6
9.Qh5xg6 Kd7
10.Qg6f5 Ke8
11.Qf5e5 Qd8e7
12.Qe5xh8 Bc8e6
13.h4 Qe7f7
14.Qh8e5 Nb8c6
15.Bf1b5 Kd7
16.Qe5xe4 Ng8f6
17.Bb5xc6 bxc6
18.Qe4d3 Be6c4
19.Qd3f5 Bc4e6
20.Qf5d3 Ra8e8
21.Bc1e3 Be6c4
22.Qd3f5 Bc4e6
23.Qf5a5 Be6d5
24.O-O-O Nf6g4
25.Rh1e1 Ng4xe3
26.fxe3 Bf8h6
27.Kb1 Bh6xe3
28.b3 Bd5xg2
29.Qa5xa7 Qf7f3
30.Qa7a5 Be3f2
31.d5 Re8xe1
32.dxc6 Kxc6
33.Qa5a6 Kc5
34.Qa6a5 { draw }
1/2-1/2

[Event "Tourn. n9131"]
[Site "www.chess-mail.com"]
[Date "2017.01.17"]
[Round "1"]
[White "Jobeye"]
[Black "Luban"]
[WhiteElo "2010"]
[BlackElo "2060"]
[Result "0-1"]
[Round "1"]
1.Nb1c3 d5
2.d4 c6
3.Bc1f4 g6
4.Ng1f3 Bf8g7
5.e4 dxe4
6.Nc3xe4 Bc8g4
7.c3 Nb8d7
8.h3 Bg4xf3
9.Qd1xf3 Ng8f6
10.Bf1d3 Nf6d5
11.Bf4g5 O-O
12.O-O-O Nd7f6
13.Ne4c5 Qd8c7
14.Rh1e1 h6
15.Bg5xf6 Nd5xf6
16.Re1e2 e6
 { time }
0-1

[Event "Tourn. n9125"]
[Site "www.chess-mail.com"]
[Date "2017.01.17"]
[Round "1"]
[White "Luban"]
[Black "Jobeye"]
[WhiteElo "2060"]
[BlackElo "2010"]
[Result "1-0"]
[Round "1"]
1.d4 e6
2.c4 d5
3.e3 Ng8f6
4.Ng1f3 b6
5.Nb1c3 Bc8b7
6.Bf1d3 Bb7a6
7.cxd5 Ba6xd3
8.Qd1xd3 exd5
9.O-O c6
10.Rf1e1 Nb8d7
11.e4 Bf8e7
12.e5 Nf6h5
13.g4 g6
14.gxh5 gxh5
15.Bc1f4 Rh8g8
16.Kh1 Nd7f8
17.Bf4h6  { time }
1-0

[Event "Match"]
[Site "www.echecsemail.com"]
[Date "2017.01.17"]
[Round "1"]
[White "Pdebonis"]
[Black "Balbyns"]
[WhiteElo "1759"]
[BlackElo "1519"]
[Result "1-0"]
[Round "1"]
1.d4 d5
2.e3 Ng8f6
3.Bf1d3 Nb8c6
4.Ng1f3 Bc8g4
5.Bd3e2 e6
6.O-O Bf8d6
7.h3 Bg4h5
8.c4 dxc4
9.Nb1d2 b5
10.b3 O-O
11.bxc4 bxc4
12.Nd2xc4 Ra8b8
13.Bc1d2 Bd6b4
14.Bd2xb4 Rf8e8
15.Bb4a3 Qd8d5
16.Ra1c1 e5
17.g4 Bh5g6
18.dxe5 Qd5xd1
19.Rf1xd1 Nf6e4
20.Rd1d7 Rb8b7
21.Nc4d6 Nc6b8
22.Rd7xc7 Ne4xd6
23.exd6 Rb7xc7
24.dxc7 { resign }
1-0

[Event "Match"]
[Site "www.echecsemail.com"]
[Date "2017.01.17"]
[Round "1"]
[White "Guidom"]
[Black "Jobeye"]
[WhiteElo "2160"]
[BlackElo "1900"]
[Result "1-0"]
[Round "1"]
1.e4 g6
2.d4 c5
3.d5 e6
4.dxe6 fxe6
5.c4 Bf8g7
6.Ng1f3 Qd8b6
7.Qd1c2 Nb8c6
8.a3 Ng8f6
9.Bf1d3 O-O
10.O-O d6
11.Nb1c3 Bc8d7
12.Bc1e3  { time }
1-0

[Event "Match"]
[Site "www.echecsemail.com"]
[Date "2017.01.17"]
[Round "1"]
[White "Bojan"]
[Black "Ssharp"]
[WhiteElo "2020"]
[BlackElo "2140"]
[Result "0-1"]
[Round "1"]
1.e4 e5
2.Ng1f3 Nb8c6
3.Bf1c4 Bf8c5
4.d3 d6
5.a3 Ng8f6
6.Nb1c3 h6
7.h3 O-O
8.Nc3a4 Bc5b6
9.Na4xb6 axb6
10.c3 Nc6a5
11.Bc4a2 c5
12.b4 Na5c6
13.Nf3h2 Nc6e7
14.Ba2c4 Ne7g6
15.Nh2g4 Bc8d7
16.Qd1f3 Nf6xg4
17.hxg4 Bd7e6
18.Qf3g3 Be6xc4
19.dxc4 f6
20.Qg3h2 Kf7
21.g3 Qd8d7
22.f4 Qd7xg4
23.Kf2 exf4
24.gxf4 Qg4e6
25.f5 Qe6xe4
26.fxg6 Qe4xg6
27.Qh2h5 Qg6xh5
28.Rh1xh5 Rf8e8
29.Rh5d5 Re8e6
30.Bc1d2 g5
31.a4 Ke7
32.a5 h5
33.Kf3 Kf7
34.Bd2e1 h4
35.Be1f2 Kg6
36.Bf2g1 f5
37.Bg1h2 g4
38.Kg2 g3
39.Bh2g1 f4
40.Ra1b1 bxa5
41.bxc5 dxc5
42.Bg1xc5 b6
43.Rd5d6 Re6xd6
44.Bc5xd6 a4
45.Rb1xb6 Kf5
46.Bd6a3 Ra8h8
{ resign }
0-1

[Event "Match"]
[Site "www.echecsemail.com"]
[Date "2017.01.17"]
[Round "1"]
[White "Menace"]
[Black "Markos123"]
[WhiteElo "2300"]
[BlackElo "1830"]
[Result "1/2-1/2"]
[Round "1"]
1.d4 h6
2.e4 e5
3.dxe5 d6
4.Ng1f3 Nb8c6
5.exd6 Bf8xd6
6.Bf1b5 Bc8d7
7.Nb1c3 Bd7e6
8.e5 Bd6xe5
9.Qd1xd8 Ra8xd8
10.Bb5xc6 bxc6
11.Nf3xe5 Ng8e7
12.O-O f6
13.Ne5f3 Ne7f5
14.Rf1e1 O-O
15.Re1xe6 Nf5d4
16.Nf3xd4 Rd8xd4
17.Bc1e3 Rd4d7
18.Be3xa7 Kf7
19.Re6xc6 Rf8d8
20.h3 h5
21.a4 Rd7d2
22.Rc6xc7 Kg6
23.Ra1c1 f5
24.Ba7e3 Rd2d6
25.h4 Rd6a6
26.Be3g5 Rd8c8
27.Rc7xc8 { draw }
1/2-1/2

[Event "Match"]
[Site "www.echecsemail.com"]
[Date "2017.01.17"]
[Round "1"]
[White "Jobeye"]
[Black "Pellix84"]
[WhiteElo "1970"]
[BlackElo "2060"]
[Result "0-1"]
[Round "1"]
1.d4 d5
2.Nb1c3 Ng8f6
3.Bc1g5 e6
4.e4 Bf8e7
5.e5 Nf6d7
6.Bg5xe7 Qd8xe7
7.Ng1f3 c5
8.Bf1b5 cxd4
9.Nf3xd4 Qe7g5
 { time }
0-1

[Event "Match"]
[Site "www.echecsemail.com"]
[Date "2017.01.17"]
[Round "1"]
[White "Jobeye"]
[Black "Add"]
[WhiteElo "1960"]
[BlackElo "2130"]
[Result "0-1"]
[Round "1"]
1.f4 d5
2.e4 dxe4
3.Nb1c3 Ng8f6
4.Bf1b5 c6
5.Bb5f1 Nb8d7
6.d3 Nd7b6
7.Nc3xe4 Nf6xe4
8.dxe4 Qd8xd1
9.Kxd1 Bc8g4
10.Bf1e2 Bg4xe2
11.Ng1xe2 O-O-O
 { time }
0-1